La Imagen Inconsciente del Cuerpo /

Guardado en:
Detalles Bibliográficos
Autor principal: Dolto, Françoise (autor)
Formato: Libro
Idioma:Español
Edición:2a edición
Temas:
Etiquetas: Agrega una etiqueta
Sin etiquetas, Sé el primero en etiquetar este registro!

MARC

LEADER 00000nam^a2200000^a^4500
001 000030008
005 20250521000000.0
009 20260310084947.384
020 |a 84-7509-341-8 
037 |a Acervo ITESO - Biblioteca 
041 |a ESP 
082 |a 150. 1957  |b DOL 
100 |a Dolto, Françoise  |e (autor) 
245 1 3 |a La Imagen Inconsciente del Cuerpo /  |c F. Dolto; tr. por: I. Agoff. 
250 |a 2a edición 
264 |a Barcelona, España :  |b Paidós,  |c 1990 
300 |a 299 p. 
336 |a texto  |b txt  |2 rdacontenido 
337 |a sin mediación  |b n  |2 rdamedio 
338 |a volumen  |b nc  |2 rdasoporte 
500 |a Traducción de: L'Image Inconsciente du Corps 
649 |a XX 
650 |a Psicoanálisis 
650 |a Narcisismo 
910 |a Fondo General 
920 |a Impresos - Libros 
930 |a Colección General 
905 |a 101 
901 |a 0300080100  |b IT1  |c ACC  |i 030008  |u 20250521 
902 |a https://opac.biblio.iteso.mx/vufind/Record/000030008